Statistics for World Cup 2022

Click here to take the quiz!

General Stats

  • This quiz has been taken 12 times
  • The average score is 49 of 827

Answer Stats

CountryPlayer% Correct
ArgentinaLionel Messi
100%
QatarRo-Ro
100%
PortugalCristiano Ronaldo
83%
MexicoHenry Martin
83%
BrazilNeymar
83%
Costa RicaCarlos Martinez
67%
MexicoEdson Alvarez
67%
ArgentinaEmiliano Martinez
67%
EnglandHarry Kane
67%
EnglandJack Grealish
67%
PortugalJose Sa
67%
EnglandJude Bellingham
67%
ArgentinaJulian Alvarez
67%
MexicoKevin Alvarez
67%
FranceKylian Mbappe
67%
ArgentinaLautaro Martinez
67%
ArgentinaLisandro Martinez
67%
South KoreaSon Heung-min
67%
MoroccoAchraf Hakimi
50%
ArgentinaAngel Di Maria
50%
PortugalBruno Fernandes
50%
BelgiumEden Hazard
50%
WalesGareth Bale
50%
SpainGavi
50%
EnglandJordan Pickford
50%
BelgiumKevin de Bruyne
50%
GermanyManuel Neuer
50%
SpainPedri
50%
EnglandPhil Foden
50%
FranceRaphael Varane
50%
PolandRobert Lewandowski
50%
BelgiumThorgan Hazard
50%
NetherlandsVirgil van Dijk
50%
EnglandAaron Ramsdale
33%
QatarAlmoez Ali
33%
PortugalAndre Silva
33%
PortugalAntonio Silva
33%
BelgiumAxel Witsel
33%
PortugalBernardo Silva
33%
EnglandBukayo Saka
33%
South KoreaCho Yu-min
33%
NetherlandsCody Gakpo
33%
EnglandConnor Coady
33%
EnglandDeclan Rice
33%
UruguayEdinson Cavani
33%
MoroccoHakim Ziyech
33%
EnglandHarry Maguire
33%
FranceHugo Lloris
33%
South KoreaHwang Ui-jo
33%
CroatiaIvan Perisic
33%
EnglandJohn Stones
33%
EnglandJordan Henderson
33%
GermanyKai Havertz
33%
South KoreaKim Jin-su
33%
EnglandKyle Walker
33%
UruguayLuis Suarez
33%
CroatiaLuka Modric
33%
EnglandLuke Shaw
33%
EnglandMason Mount
33%
FranceOlivier Giroud
33%
FranceOusmane Dembele
33%
ArgentinaPaulo Dybala
33%
BrazilPedro
33%
ArgentinaRodrigo De Paul
33%
BelgiumRomelu Lukaku
33%
BrazilThiago Silva
33%
GermanyThomas Muller
33%
USATimothy Weah
33%
SwitzerlandXherdan Shaqiri
33%
WalesAaron Ramsey
17%
FranceAdrien Rabiot
17%
ArgentinaAlexis Mac Allister
17%
SpainAlvaro Morata
17%
GhanaAndre Ayew
17%
NetherlandsAndries Noppert
17%
EcuadorAngelo Preciado
17%
Costa RicaAnthony Hernandez
17%
FranceAntoine Griezmann
17%
BrazilAntony
17%
FranceAurélien Tchouameni
17%
EcuadorAyrton Preciado
17%
FranceBenjamin Pavard
17%
SenegalBoulaye Dia
17%
SwitzerlandBreel Embolo
17%
EnglandCallum Wilson
17%
MexicoCarlos Rodriguez
17%
SenegalCheikhou Kouyate
17%
DenmarkChristian Norgaard
17%
USAChristian Pulisic
17%
EnglandConor Gallagher
17%
NetherlandsDenzel Dumfries
17%
CroatiaDomagoj Vida
17%
CroatiaDominik Livakovic
17%
BrazilEderson
17%
SwitzerlandEdimilson Fernandes
17%
EcuadorEnner Valencia
17%
ArgentinaEnzo Fernandez
17%
UruguayFacundo Torres
17%
EcuadorFelix Torres
17%
SpainFerran Torres
17%
BrazilFred
17%
BrazilGabriel Jesus
17%
BrazilGabriel Martinelli
17%
Costa RicaGerson Torres
17%
PortugalGoncalo Ramos
17%
SwitzerlandGranit Xhaka
17%
ArgentinaGuido Rodriguez
17%
MexicoGuillermo Ochoa
17%
WalesHarry Wilson
17%
GermanyIlkay Gundogan
17%
GhanaInaki Williams
17%
SenegalIsmaila Sarr
17%
GermanyJamal Musiala
17%
PolandJan Bednarek
17%
PortugalJoao Cancelo
17%
PortugalJoao Felix
17%
Costa RicaJoel Campbell
17%
WalesJonny Williams
17%
GhanaJordan Ayew
17%
SpainJordi Alba
17%
UruguayJose Luis Rodriguez
17%
GermanyJoshua Kimmich
17%
SenegalKalidou Koulibaly
17%
EcuadorKevin Rodriguez
17%
Costa RicaKeylor Navas
17%
EnglandKieran Trippier
17%
ArgentinaLeandro Paredes
17%
GermanyLeroy Sane
17%
CroatiaLovro Majer
17%
USALuca de la Torre
17%
FranceLucas Hernandez
17%
ArgentinaMarcos Acuna
17%
EnglandMarcus Rashford
17%
CroatiaMateo Kovacic
17%
NetherlandsMatthijs de Ligt
17%
PolandMatty Cash
17%
Saudi ArabiaNasser Al-Dawsari
17%
WalesNeco Williams
17%
EnglandNick Pope
17%
SpainNico Williams
17%
SpainPablo Sarabia
17%
SenegalPape Matar Sarr
17%
SpainPau Torres
17%
EnglandRaheem Sterling
17%
BrazilRaphinha
17%
SwitzerlandRicardo Rodriguez
17%
BrazilRicharlison
17%
Costa RicaRoan Wilson
17%
SpainRodri
17%
BrazilRodrygo
17%
PortugalRuben Dias
17%
Saudi ArabiaSalem Al-Dawsari
17%
GermanySerge Gnabry
17%
USASergino Dest
17%
SpainSergio Busquets
17%
DenmarkSimon Kjaer
17%
MoroccoSofiane Boufal
17%
MoroccoSofyan Amrabat
17%
WalesSorba Thomas
17%
NetherlandsStefan de Vrij
17%
FranceSteve Mandanda
17%
FranceTheo Hernandez
17%
BelgiumThibaut Courtois
17%
USATyler Adams
17%
BrazilVinicius Junior
17%
BrazilWeverton
17%
FranceWilliam Saliba
17%
BelgiumYouri Tielemans
17%
USAAaron Long
0%
AustraliaAaron Mooy
0%
MoroccoAbde Ezzalzouli
0%
MoroccoAbdelhamid Sabiri
0%
QatarAbdelkarim Hassan
0%
MoroccoAbderrazak Hamdallah
0%
SenegalAbdou Diallo
0%
QatarAbdulaziz Hatem
0%
Saudi ArabiaAbdulelah Al-Amri
0%
Saudi ArabiaAbdulellah Al-Mailki
0%
GhanaAbdul Fatawu Issahaku
0%
Saudi ArabiaAbdullah Madu
0%
Saudi ArabiaAbdullah Otayf
0%
GhanaAbdul Manaf Nurudeen
0%
Saudi ArabiaAbdulrahman Al-Aboud
0%
IranAbolfazl Jalali
0%
MoroccoAchraf Dari
0%
WalesAdam Davies
0%
UruguayAgustin Canobbio
0%
IranAhmad Nourollahi
0%
QatarAhmed Alaaeldin
0%
MoroccoAhmed Reda Tagnaouti
0%
TunisiaAissa Laidouni
0%
AustraliaAjdin Hrustic
0%
QatarAkram Afif
0%
EcuadorAlan Franco
0%
SpainAlejandro Balde
0%
ArgentinaAlejandro Gomez
0%
SerbiaAleksandar Mitrovic
0%
DenmarkAlexander Bah
0%
GhanaAlexander Djiku
0%
EcuadorAlexander Dominguez
0%
MexicoAlexis Vega
0%
BrazilAlex Sandro
0%
BrazilAlex Telles
0%
SenegalAlfred Gomis
0%
MexicoAlfredo Talavera
0%
TunisiaAli Abdi
0%
Saudi ArabiaAli Al-Bulaihi
0%
Saudi ArabiaAli Al-Hassan
0%
QatarAli Assadalla
0%
GhanaAlidu Seidu
0%
IranAli Gholizadeh
0%
IranAli Karimi
0%
TunisiaAli Maaloul
0%
IranAlireza Beiranvand
0%
IranAlireza Jahanbakhsh
0%
BrazilAlisson
0%
CanadaAlistair Johnston
0%
FranceAlphonse Areola
0%
CanadaAlphonso Davies
0%
Costa RicaAlvaro Zamora
0%
BelgiumAmadou Onana
0%
IranAmir Abedzadeh
0%
MoroccoAnass Zaroury
0%
DenmarkAndreas Christensen
0%
DenmarkAndreas Cornelius
0%
DenmarkAndreas Skov Olsen
0%
CameroonAndre-Frank Zambo Anguissa
0%
CroatiaAndrej Kramaric
0%
CameroonAndre Onana
0%
MexicoAndres Guardado
0%
AustraliaAndrew Redmayne
0%
SerbiaAndrija civković
0%
ArgentinaAngel Correa
0%
EcuadorAngel Mena
0%
TunisiaAnis Ben Slimane
0%
SpainAnsu Fati
0%
CroatiaAnte Budimir
0%
Costa RicaAnthony Contreras
0%
GhanaAntoine Semenyo
0%
USAAntonee Robinson
0%
GermanyAntonio Rudiger
0%
JapanAo Tanaka
0%
SwitzerlandArdon Jashari
0%
PolandArkadiusz Milik
0%
GermanyArmel Bella-Kotchap
0%
BelgiumArthur Theate
0%
PolandArtur Jedrzejczyk
0%
QatarAssum Madibo
0%
CanadaAtiba Hutchinson
0%
AustraliaAwer Mabil
0%
FranceAxel Disasi
0%
JapanAyase Ueda
0%
TunisiaAymen Dahmen
0%
TunisiaAymen Mathlouthi
0%
SpainAymeric Laporte
0%
AustraliaAziz Behich
0%
MoroccoAzzedine Ounahi
0%
GhanaBaba Rahman
0%
MoroccoBadr Benoun
0%
AustraliaBailey Wright
0%
SenegalBamba Dieng
0%
PolandBartosz Bereszynski
0%
QatarBassam Al-Rawi
0%
TunisiaBechir Ben Said
0%
WalesBen Cabango
0%
WalesBen Davies
0%
MoroccoBilal El Khannous
0%
TunisiaBilel Ifa
0%
CroatiaBorna Barisic
0%
CroatiaBorna Sosa
0%
QatarBoualem Khoukhi
0%
Costa RicaBrandon Aguilera
0%
BrazilBremer
0%
USABrenden Aaronson
0%
WalesBrennan Johson
0%
BrazilBruno GuimarAes
0%
CroatiaBruno Petkovic
0%
CameroonBryan Mbeumo
0%
Costa RicaBryan Oviedo
0%
Costa RicaBryan Ruiz
0%
USACameron Carter-Vickers
0%
AustraliaCameron Devlin
0%
EcuadorCarlos Gruezo
0%
SpainCarlos Soler
0%
BrazilCasemiro
0%
Costa RicaCelso Borges
0%
SpainCesar Azpilicueta
0%
MexicoCesar Montes
0%
BelgiumCharles De Ketelaere
0%
South KoreaCho Gue-sun
0%
WalesChris Gunter
0%
WalesChris Mepham
0%
CameroonChristian Bassogog
0%
DenmarkChristian Eriksen
0%
SwitzerlandChristian Fassnacht
0%
GermanyChristian Gunter
0%
CameroonChristopher Wooh
0%
CameroonCollins Fai
0%
WalesConnor Roberts
0%
AustraliaCraig Goodwin
0%
USACristian Roldan
0%
ArgentinaCristian Romero
0%
CanadaCyle Larin
0%
JapanDaichi Kamada
0%
JapanDaizen Maeda
0%
NetherlandsDaley Blind
0%
PolandDamian Szymanski
0%
BrazilDani Alves
0%
SpainDani Carvajal
0%
GhanaDaniel Afriyie
0%
GhanaDaniel Amartey
0%
Costa RicaDaniel Chacon
0%
WalesDaniel James
0%
GhanaDaniel-Kofi Kyereh
0%
JapanDaniel Schmidt
0%
DenmarkDaniel Wass
0%
BrazilDanilo
0%
PortugalDanilo Pereira
0%
SpainDani Olmo
0%
AustraliaDanny Vukovic
0%
WalesDanny Ward
0%
SerbiaDarko Lazovic
0%
UruguayDarwin Nunez
0%
GermanyDavid Raum
0%
SpainDavid Raya
0%
CanadaDavid Wotherspoon
0%
NetherlandsDavy Klaassen
0%
CanadaDayne St. Clair
0%
FranceDayot Upamecano
0%
USADeAndre Yedlin
0%
CroatiaDejan Lovren
0%
GhanaDenis Odoi
0%
SwitzerlandDenis Zakaria
0%
CanadaDerek Cornelius
0%
CameroonDevis Epassy
0%
UruguayDiego Godin
0%
EcuadorDiego Palacios
0%
PortugalDiogo Costa
0%
PortugalDiogo Dalot
0%
SwitzerlandDjibril Sow
0%
EcuadorDjorkaeff Reasco
0%
Costa RicaDouglas Lopez
0%
BelgiumDries Mertens
0%
SerbiaDusan Tadic
0%
SerbiaDusan Vlahovic
0%
TunisiaDylan Bronn
0%
WalesDylan Levitt
0%
BrazilEder MilitAo
0%
SenegalEdouard Mendy
0%
FranceEduardo Camavinga
0%
IranEhsan Hajsafi
0%
JapanEiji Kawashima
0%
GhanaElisha Owusu
0%
TunisiaEllyes Skhiri
0%
CameroonEnzo Ebosse
0%
SwitzerlandEray Comert
0%
EnglandEric Dier
0%
SpainEric Garcia
0%
MexicoErick Gutierrez
0%
CameroonEric Maxim Choupo-Moting
0%
Costa RicaEsteban Alvarado
0%
WalesEthan Ampadu
0%
USAEthan Horvath
0%
BrazilEverton Ribeiro
0%
ArgentinaExequiel Palacios
0%
SwitzerlandFabian Frei
0%
SwitzerlandFabian Rieder
0%
SwitzerlandFabian Schar
0%
BrazilFabinho
0%
UruguayFacundo Pellistri
0%
SenegalFamara Diedhiou
0%
UruguayFederico Valverde
0%
TunisiaFerjani Sassi
0%
UruguayFernando Muslera
0%
SerbiaFilip Đuricic
0%
SerbiaFilip Kostic
0%
SerbiaFilip Mladenovic
0%
Saudi ArabiaFiras Al-Buraikan
0%
SenegalFore Ballo-Toure
0%
SenegalFormose Mendy
0%
Costa RicaFrancisco Calvo
0%
ArgentinaFranco Armani
0%
AustraliaFran Karacic
0%
DenmarkFrederik Ronnow
0%
NetherlandsFrenkie de Jong
0%
CameroonGaël Ondoua
0%
JapanGaku Shibasaki
0%
AustraliaGarang Kuol
0%
CameroonGeorges-Kevin Nkoudou
0%
MexicoGerardo Arteaga
0%
ArgentinaGerman Pezzella
0%
ArgentinaGeronimo Rulli
0%
TunisiaGhailene Chaalilali
0%
GhanaGideon Mensah
0%
UruguayGiorgian de Arrascaeta
0%
USAGiovanni Reyna
0%
ArgentinaGonzalo Montiel
0%
EcuadorGonzalo Plata
0%
SwitzerlandGregor Kobel
0%
PolandGrzegorz Krychowiak
0%
UruguayGuillermo Varela
0%
Saudi ArabiaHaitham Asiri
0%
USAHaji Wright
0%
TunisiaHannibal Mejbri
0%
BelgiumHans Vanaken
0%
SwitzerlandHaris Seferovic
0%
AustraliaHarry Souttar
0%
QatarHassan Al-Haydos
0%
Saudi ArabiaHassan Tambakti
0%
Saudi ArabiaHattan Bahebri
0%
MexicoHector Herrera
0%
MexicoHector Moreno
0%
EcuadorHernan Galindez
0%
JapanHidemasa Morita
0%
JapanHiroki Ito
0%
JapanHiroki Sakai
0%
MexicoHirving Lazano
0%
QatarHomam Ahmed
0%
South KoreaHong Chul
0%
IranHossein Hosseini
0%
IranHossein Kanaanizadegan
0%
SpainHugo Guillamon
0%
South KoreaHwang Hee-chan
0%
South KoreaHwang In-beom
0%
FranceIbrahima Konate
0%
GhanaIbrahim Danlad
0%
SenegalIdrissa Gueye
0%
CanadaIke Ugbo
0%
MoroccoIlias Chair
0%
SenegalIliman Ndiaye
0%
QatarIsmaeel Mohammed
0%
CanadaIsmael Kone
0%
SenegalIsmail Jakobs
0%
TunisiaIssam Jebali
0%
SerbiaIvan Ilic
0%
CroatiaIvica Ivusic
0%
CroatiaIvo Grbic
0%
AustraliaJackson Irvine
0%
EcuadorJackson Porozo
0%
PolandJakub Kaminski
0%
PolandJakub Kiwior
0%
CanadaJames Pantemis
0%
AustraliaJamie Maclaren
0%
BelgiumJan Vertonghen
0%
AustraliaJason Cummings
0%
QatarJassem Gaber
0%
MoroccoJawad El Yamiq
0%
CameroonJean-Charles Castelletto
0%
CameroonJean-Pierre Nsame
0%
DenmarkJens Stryger Larsen
0%
South KoreaJeong Woo-yeong
0%
BelgiumJeremy Doku
0%
EcuadorJeremy Sarmiento
0%
CameroonJerome Ngom Mbekeli
0%
DenmarkJesper Lindstrom
0%
USAJesus Ferreira
0%
MexicoJesus Gallardo
0%
Costa RicaJewison Bennette
0%
EcuadorJhegson Mendez
0%
DenmarkJoachim Andersen
0%
DenmarkJoakim Mæhle
0%
PortugalJoao Mario
0%
PortugalJoao Palhinha
0%
CroatiaJocko Gvardiol
0%
WalesJoe Allen
0%
AustraliaJoel King
0%
CanadaJoel Waterman
0%
WalesJoe Morrell
0%
WalesJoe Rodon
0%
USAJoe Scally
0%
MexicoJohan Vasquez
0%
Costa RicaJohan Venegas
0%
South KoreaJo Hyeon-woo
0%
GermanyJonas Hofmann
0%
SwitzerlandJonas Omlin
0%
DenmarkJonas Wind
0%
CanadaJonathan David
0%
CanadaJonathan Orosorio
0%
USAJordan Morris
0%
FranceJordan Veretout
0%
MexicoJorge Sanchez
0%
EcuadorJose Cifuentes
0%
UruguayJose Gimenez
0%
GhanaJoseph Aidoo
0%
USAJosh Sargent
0%
CroatiaJosip Juranovic
0%
CroatiaJosip Stanisic
0%
CroatiaJosip Šutalo
0%
ArgentinaJuan Foyth
0%
Costa RicaJuan Pablo Vargas
0%
FranceJules Kounde
0%
GermanyJulian Brandt
0%
South KoreaJung Woo-young
0%
CanadaJunior Hoilett
0%
JapanJunya Ito
0%
NetherlandsJurrien Timber
0%
NetherlandsJustin Bijlow
0%
EnglandKalvin Philips
0%
GhanaKamaldeen Sulemana
0%
CanadaKamal Miller
0%
GhanaKamal Sowah
0%
PolandKamil Glik
0%
PolandKamil Grabara
0%
PolandKamil Grosicki
0%
JapanKaoru Mitoma
0%
GermanyKarim Adeyemi
0%
IranKarim Ansarifard
0%
QatarKarim Boudiaf
0%
CameroonKarl Toko Ekambi
0%
PolandKarol Swiderski
0%
DenmarkKasper Dolberg
0%
DenmarkKasper Schmeichel
0%
AustraliaKeanu Baccus
0%
USAKellyn Acosta
0%
Costa RicaKendall Waston
0%
NetherlandsKenneth Taylor
0%
GermanyKevin Trapp
0%
Costa RicaKeysher Fuller
0%
QatarKhalid Muneer
0%
WalesKieffer Moore
0%
South KoreaKim Min-jae
0%
South KoreaKim Moon-hwan
0%
South KoreaKim Seung-gyu
0%
South KoreaKim Tae-hwan
0%
South KoreaKim Young-gwon
0%
FranceKingsley Coman
0%
BelgiumKoen Casteels
0%
JapanKo Itakura
0%
SpainKoke
0%
South KoreaKown Kyung-won
0%
SenegalKrepin Diatta
0%
CroatiaKristijan Jakic
0%
PolandKrystian Bielik
0%
PolandKrzysztof Piatek
0%
South KoreaKwon Chang-hoon
0%
AustraliaKye Rowles
0%
GhanaLawrence Ati-Zigi
0%
BelgiumLeander Dendoncker
0%
BelgiumLeandro Trossard
0%
South KoreaLee Jae-sung
0%
South KoreaLee Kang-in
0%
GermanyLeon Goretzka
0%
CanadaLiam Fraser
0%
CanadaLiam Millar
0%
BelgiumLois Openda
0%
CanadaLucas Cavallini
0%
BrazilLucas Paqueta
0%
UruguayLucas Torreira
0%
MexicoLuis Chavez
0%
MexicoLuis Romo
0%
SerbiaLuka Jovic
0%
GermanyLukas Klostermann
0%
CroatiaLuka Sucic
0%
PolandLukasz Skorupski
0%
NetherlandsLuuk de Jong
0%
IranMajid Hosseini
0%
SenegalMamadou Loum
0%
SwitzerlandManuel Akanji
0%
UruguayManuel Ugarte
0%
GermanyMarc-Andre ter Stegen
0%
CroatiaMarcelo Brozovic
0%
SpainMarco Asensio
0%
SpainMarcos Llorente
0%
AustraliaMarco Tilio
0%
FranceMarcus Thuram
0%
GermanyMario Gotze
0%
CroatiaMario Pasalic
0%
CanadaMark-Anthony Kaye
0%
WalesMark Harris
0%
SerbiaMarko Dmitrovic
0%
SerbiaMarko Grujic
0%
CroatiaMarko Livaja
0%
BrazilMarquinhos
0%
NetherlandsMarten de Roon
0%
DenmarkMartin Braithwaite
0%
UruguayMartin Caceres
0%
CroatiaMartin Erlic
0%
CameroonMartin Hongla
0%
PolandMateusz Wieteska
0%
PortugalMatheus Nunes
0%
AustraliaMathew Leckie
0%
AustraliaMathew Ryan
0%
DenmarkMathias Jensen
0%
UruguayMathias Olivera
0%
UruguayMatias Vecino
0%
UruguayMatias Vina
0%
FranceMatteo Guendouzi
0%
WalesMatthew Smith
0%
GermanyMatthias Ginter
0%
USAMatt Turner
0%
UruguayMaxi Gomez
0%
JapanMaya Yoshida
0%
IranMehdi Taremi
0%
IranMehdi Torabi
0%
NetherlandsMemphis Depay
0%
QatarMeshaal Barsham
0%
EcuadorMichael Estrada
0%
PolandMichal Skoras
0%
SwitzerlandMichel Aebischer
0%
BelgiumMichy Batshuayi
0%
TunisiaMidoro
0%
JapanMiki Yamane
0%
DenmarkMikkel Damsgaard
0%
IranMilad Mohammadi
0%
CanadaMilan Borjan
0%
AustraliaMilos Degenek
0%
SerbiaMilos Veljkovic
0%
CroatiaMislav Orsic
0%
AustraliaMitchell Duke
0%
TunisiaMohamed Ali Ben Romdhane
0%
TunisiaMohamed Drager
0%
Saudi ArabiaMohamed Kanno
0%
Saudi ArabiaMohammed Al-Breik
0%
Saudi ArabiaMohammed Al-Owais
0%
Saudi ArabiaMohammed Al Rubaie
0%
GhanaMohammed Kudus
0%
QatarMohammed Muntari
0%
GhanaMohammed Salisu
0%
QatarMohammed Waad
0%
EcuadorMoises Caicedo
0%
EcuadorMoises Ramirez
0%
TunisiaMontassar Talbi
0%
IranMorteza Pouraliganji
0%
QatarMostafa Tarek
0%
TunisiaMouez Hassen
0%
CameroonMoumi Ngamaleu
0%
SenegalMoussa N'Diaye
0%
SenegalMoustapha Name
0%
MoroccoMunir Mohamedi
0%
QatarMusab Kheder
0%
ArgentinaNahuel Molina
0%
QatarNaif Al-Hafhrami
0%
TunisiaNaim Sliti
0%
SenegalNampalys Mendy
0%
South KoreaNa Sang-ho
0%
NetherlandsNathan Ake
0%
AustraliaNathanial Atkinson
0%
Saudi ArabiaNawaf Al-Abed
0%
Saudi ArabiaNawaf Al-Aqidi
0%
MoroccoNayef Aguerd
0%
SerbiaNemanja Gudelj
0%
SerbiaNemanja Maksimovic
0%
SerbiaNemanja Radonjic
0%
MexicoNestor Araujo
0%
GermanyNiclas Füllkrug
0%
SwitzerlandNico Elvedi
0%
UruguayNicolas de la Cruz
0%
SenegalNicolas Jackson
0%
CameroonNicolas Nkoulou
0%
ArgentinaNicolas Otamendi
0%
ArgentinaNicolas Tagliafico
0%
PolandNicola Zalewski
0%
GermanyNico Schlotterbeck
0%
GermanyNiklas Sule
0%
SerbiaNikola Milenkovic
0%
CroatiaNikola Vlasic
0%
SwitzerlandNoah Okafor
0%
NetherlandsNoa Lang
0%
CameroonNouhou Tolo
0%
MoroccoNoussair Mazraoui
0%
PortugalNuno Mendes
0%
DenmarkOliver Christensen
0%
CameroonOlivier Mbaizo
0%
CameroonOlivier Ntcham
0%
MexicoOrbelin Pineda
0%
Costa RicaOscar Duarte
0%
GhanaOsman Bukari
0%
PortugalOtavio
0%
South KoreaPaik Seung-ho
0%
SenegalPape Abou Cisse
0%
SenegalPape Gueye
0%
SenegalPathe Ciss
0%
Costa RicaPatrick Sequiera
0%
IranPayam Niazmand
0%
PortugalPepe
0%
EcuadorPervis Estupinan
0%
SwitzerlandPhilipp Kohn
0%
EcuadorPiero Hincapie
0%
DenmarkPierre-Emile Hojbjerg
0%
CameroonPierre Kunde
0%
PolandPiotr Zielinski
0%
SerbiaPredrag Rajkovic
0%
PolandPrzemysław Frankowski
0%
PortugalRafael Leao
0%
IranRamin Rezaeian
0%
FranceRandal Kolo Muani
0%
PortugalRaphael Guerreiro
0%
DenmarkRasmus Kristensen
0%
MexicoRaul Jiminez
0%
NetherlandsRemko Pasveer
0%
SwitzerlandRemo Freuler
0%
SwitzerlandRenato Steffen
0%
PortugalRicardo Horta
0%
CanadaRichie Laryea
0%
AustraliaRiley McGree
0%
JapanRitsu Doan
0%
Saudi ArabiaRiyadh Sharahili
0%
EcuadorRobert Arboleda
0%
PolandRobert Gumny
0%
MexicoRoberto Alvarado
0%
SpainRobert Sanchez
0%
DenmarkRobert Skov
0%
MexicoRodolfo Cota
0%
UruguayRodrigo Bentancur
0%
MexicoRogelio Funes Mori
0%
MoroccoRomain Saiss
0%
EcuadorRomario Ibarra
0%
UruguayRonald Araujo
0%
Costa RicaRonald Matarrita
0%
IranRouzbeh Cheshmi
0%
PortugalRuben Neves
0%
SwitzerlandRuben Vargas
0%
WalesRubin Colwill
0%
PortugalRui Patricio
0%
QatarSaad Al Sheeb
0%
IranSadegh Moharrami
0%
IranSaeed Ezatolahi
0%
Saudi ArabiaSaleh Al-Shehri
0%
QatarSalem Al-Hajiri
0%
GhanaSalis Abdul Samed
0%
Saudi ArabiaSalman Al-Faraj
0%
CanadaSam Adekugbe
0%
IranSaman Ghoddos
0%
Saudi ArabiaSami Al-Najei
0%
CameroonSamuel Gouet
0%
CanadaSamuel Piette
0%
IranSardar Azmoun
0%
SerbiaSasa Lukic
0%
Saudi ArabiaSaud Abdulhamid
0%
USASean Johnson
0%
UruguaySebastian Coates
0%
UruguaySebastian Sosa
0%
PolandSebastian Szymanski
0%
TunisiaSeifeddine Jaziri
0%
MoroccoSelim Amallah
0%
SenegalSeny Dieng
0%
SerbiaSergej Milinkovic-Savic
0%
UruguaySergio Rochet
0%
USAShaq Moore
0%
JapanShofo Taniguchi
0%
IranShojae Khalilzadeh
0%
JapanShuichi Gonda
0%
JapanShuto Machino
0%
SwitzerlandSilvan Widmer
0%
BelgiumSimon Mignolet
0%
CameroonSimon Ngapandouetnbu
0%
South KoreaSong Bum-keun
0%
South KoreaSong Min-kyu
0%
South KoreaSon Jun-ho
0%
CameroonSouaibou Marou
0%
SerbiaSrđan Babic
0%
SerbiaStefan Mitrovic
0%
CanadaStephen Eustaquio
0%
NetherlandsSteven Berghuis
0%
NetherlandsSteven Bergwijn
0%
CanadaSteven Vitoria
0%
SerbiaStrahinja Erakovic
0%
SerbiaStrahinja Pavlovic
0%
Saudi ArabiaSultan Al-Ghannam
0%
PolandSzymon Zurkowski
0%
TunisiaTaha Yassine Khenissi
0%
CanadaTajon Buchanan
0%
JapanTakefusa Kubo
0%
JapanTakehiro Tomiyasu
0%
JapanTakuma Asano
0%
JapanTakumi Minamino
0%
QatarTarek Salman
0%
GhanaTariq Lamptey
0%
NetherlandsTeun Koopmeiners
0%
ArgentinaThiago Almada
0%
GermanyThilo Kehrer
0%
DenmarkThomas Delaney
0%
AustraliaThomas Deng
0%
BelgiumThomas Meunier
0%
GhanaThomas Partey
0%
BelgiumTimothy Castagne
0%
USATim Ream
0%
BelgiumToby Alderweireld
0%
WalesTom Lockyer
0%
EnglandTrent Alexander-Arnold
0%
NetherlandsTyrell Malacia
0%
SpainUnai Simon
0%
MexicoUriel Antuna
0%
SerbiaUros Racic
0%
IranVahid Amiri
0%
SerbiaVanja Milinkovic-Savic
0%
DenmarkVictor Nelsson
0%
CameroonVincent Aboubakar
0%
NetherlandsVincent Janssen
0%
PortugalVitinha
0%
TunisiaWahbi Khazri
0%
TunisiaWajdi Kechrida
0%
MoroccoWalid Cheddira
0%
USAWalker Zimmerman
0%
JapanWataru Endo
0%
WalesWayne Hennessey
0%
USAWeston McKennie
0%
PortugalWilliam Carvalho
0%
EcuadorWilliam Pacho
0%
PolandWojciech Szczesny
0%
BelgiumWout Faes
0%
NetherlandsWout Weghorst
0%
EcuadorXavier Arreaga
0%
NetherlandsXavi Simons
0%
MoroccoYahia Attiyat Allah
0%
MoroccoYahya Jabrane
0%
BelgiumYannick Carrasco
0%
SwitzerlandYann Sommer
0%
Saudi ArabiaYasser Al-Shahrani
0%
MoroccoYassine Bounou
0%
TunisiaYassine Meriah
0%
Costa RicaYeltsin Tejeda
0%
SpainYeremy Pino
0%
South KoreaYoon Jong-gyu
0%
QatarYousef Hassan
0%
MoroccoYoussef En-Nesyri
0%
TunisiaYoussef Msakni
0%
GermanyYoussoufa Moukoko
0%
FranceYoussouf Fofana
0%
SenegalYoussouf Sabaly
0%
Costa RicaYoustin Salas
0%
JapanYuki Soma
0%
USAYunus Musah
0%
DenmarkYussuf Poulsen
0%
JapanYuto Nagatomi
0%
MoroccoZakaria Aboukhlal
0%
BelgiumZeno Debast
0%

Score Distribution

Percentile by Number Answered

Percent of People with Each Score

Your Score History

You have not taken this quiz